VALORANT - Agent by Famous Content Creators - Statistics

General Stats
  • This quiz has been taken 1,008 times
  • The average score is 7 of 11
Answer Stats
Hint Answer % Correct
AverageJonas Sova
94%
FlowAscending / Grim / SauraXD Sage
82%
Kaemi Jett
74%
ethos / Red / Ziptie Yoru
71%
AcreTheDog Cypher
65%
eggwick / Flexinja Omen
60%
Jollztv Reyna
60%
Agent Gumle / Flights Raze
56%
cjaiye / HowToNoodle Neon
41%
Perry2N Brimstone
30%
xtr Phoenix
21%
No matching quizzes found
Score Distribution
Percent of People with Each Score
Percentile by Number Answered
Your Score History
You have not taken this quiz